000 00371nam a2200133Ia 4500
005 20251222144729.0
008 251222s9999||||xx |||||||||||||| ||spa||
020 _a84-206-4122-7
082 _a378.001/O73/1992
100 _aOrtega y Gasset, José
245 0 _aMisión de la Universidad y otros Ensayos sobre Educación y Pedagogía
264 _bAlianza
942 _cLIB
999 _c18512
_d18512